Chicago (Record no. 18066)
[ view plain ]
| 000 -LEADER | |
|---|---|
| fixed length control field | 01581cgm a22003857a 4500 |
| 007 - PHYSICAL DESCRIPTION FIXED FIELD--GENERAL INFORMATION | |
| fixed length control field | vd cgaizm |
| 008 - FIXED-LENGTH DATA ELEMENTS--GENERAL INFORMATION | |
| fixed length control field | 140213t2011 xxu109 e |||| 000 vleng d |
| 020 ## - INTERNATIONAL STANDARD BOOK NUMBER | |
| International Standard Book Number | 5055201816580 |
| 043 ## - GEOGRAPHIC AREA CODE | |
| Geographic area code | n-us-il |
| 082 04 - DEWEY DECIMAL CLASSIFICATION NUMBER | |
| Edition number | 22 |
| Classification number | 791.4372 |
| Item number | CHI |
| 245 00 - TITLE STATEMENT | |
| Title | Chicago |
| Remainder of title | [videorecording] / |
| Statement of responsibility, etc | Miramax Films, Producer Circle Co., Zadan / Meron ; produced by Martin Richards ; screenplay by Bill Condon ; directed by Rob Marshall. |
| 250 ## - EDITION STATEMENT | |
| Edition statement | 1.85 : 1 Widescreen. |
| 260 ## - PUBLICATION, DISTRIBUTION, ETC. (IMPRINT) | |
| Place of publication, distribution, etc | [New York, United States] : |
| Name of publisher, distributor, etc | Miramax, |
| Date of publication, distribution, etc | c.2011. |
| 300 ## - PHYSICAL DESCRIPTION | |
| Extent | 1 videodisc (109 min.) : |
| Other physical details | sd., col. ; |
| Dimensions | 4 3/4 in. |
| 508 ## - CREATION/PRODUCTION CREDITS NOTE | |
| Creation/production credits note | Director of photography Dion Beebe, edited by Martin Walsh, music by John Kander. |
| 511 ## - PARTICIPANT OR PERFORMER NOTE | |
| Participant or performer note | Renée Zellweger, Catherine Zeta-Jones, Richard Gere. |
| 521 ## - TARGET AUDIENCE NOTE | |
| Target audience note | Suitable only for persons of 12 years and over. |
| 586 ## - AWARDS NOTE | |
| Awards note | 6 Academy Awards winner 2002 : including Best Picture. |
| 650 #0 - SUBJECT ADDED ENTRY--TOPICAL TERM | |
| Source of heading or term | Female offenders |
| Geographic subdivision | Illinois |
| -- | Chicago |
| Form subdivision | Drama |
| 9 (RLIN) | 35209 |
| 650 #0 - SUBJECT ADDED ENTRY--TOPICAL TERM | |
| Topical term or geographic name as entry element | Lawyers |
| Geographic subdivision | Illinois |
| -- | Chicago |
| Form subdivision | Drama |
| 9 (RLIN) | 35210 |
| 653 ## - INDEX TERM--UNCONTROLLED | |
| -- | GGEN |
| -- | February2014 |
| 700 1# - ADDED ENTRY--PERSONAL NAME | |
| 9 (RLIN) | 35197 |
| Personal name | Zellweger, ReneÌe, |
| Dates associated with a name | 1969- |
| 700 1# - ADDED ENTRY--PERSONAL NAME | |
| 9 (RLIN) | 35198 |
| Personal name | Zeta-Jones, Catherine, |
| Dates associated with a name | 1969- |
| 700 1# - ADDED ENTRY--PERSONAL NAME | |
| 9 (RLIN) | 35199 |
| Personal name | Gere, Richard, |
| Dates associated with a name | 1949- |
| 700 1# - ADDED ENTRY--PERSONAL NAME | |
| 9 (RLIN) | 35200 |
| Personal name | Beebe, Dion |
| 700 1# - ADDED ENTRY--PERSONAL NAME | |
| 9 (RLIN) | 35201 |
| Personal name | Walsh, Martin |
| Dates associated with a name | 1955- |
| 700 1# - ADDED ENTRY--PERSONAL NAME | |
| 9 (RLIN) | 35202 |
| Personal name | Kander, John |
| 700 1# - ADDED ENTRY--PERSONAL NAME | |
| 9 (RLIN) | 35203 |
| Personal name | Richards, Martin |
| 700 1# - ADDED ENTRY--PERSONAL NAME | |
| 9 (RLIN) | 35204 |
| Personal name | Condon, Bill, |
| Dates associated with a name | 1955- |
| 700 1# - ADDED ENTRY--PERSONAL NAME | |
| 9 (RLIN) | 35205 |
| Personal name | Marshall, Rob |
| 710 2# - ADDED ENTRY--CORPORATE NAME | |
| 9 (RLIN) | 35206 |
| Corporate name or jurisdiction name as entry element | Miramax Films |
| 710 2# - ADDED ENTRY--CORPORATE NAME | |
| 9 (RLIN) | 35207 |
| Corporate name or jurisdiction name as entry element | Producer Circle Company |
| 710 2# - ADDED ENTRY--CORPORATE NAME | |
| 9 (RLIN) | 35208 |
| Corporate name or jurisdiction name as entry element | Zadan/Meron (Firm) |
| 942 ## - ADDED ENTRY ELEMENTS (KOHA) | |
| Source of classification or shelving scheme | Dewey Decimal Classification |
| Item type | |
| Call number prefix | 791.4372 CHI |
| Withdrawn status | Lost status | Source of classification or shelving scheme | Damaged status | Not for loan | Koha collection | Home library | Current library | Shelving location | Date acquired | Source of acquisition | Total Checkouts | Full call number | Barcode | Date last seen | Koha item type |
|---|---|---|---|---|---|---|---|---|---|---|---|---|---|---|---|
| Dewey Decimal Classification | Baccah | Central Library | Central Library | Second Floor | 13/02/2014 | Purchase | 791.4372 CHI | 000035633 | 24/08/2022 | CD | DVD - Movie (NB) |